| 000 | 00323nam a2200109Ia 4500 | ||
|---|---|---|---|
| 008 | 230907s9999||||xx |||||||||||||| ||und|| | ||
| 082 | _a621.38152,XIN | ||
| 100 |
_aXin, Gongbiao. _9115080 |
||
| 245 | 0 | _aGaseous and electrochemical hydrogen storage properties of mg-based thin films. | |
| 300 | _axiii, 109p.: | ||
| 942 | _cBK | ||
| 999 |
_c597481 _d597481 |
||